A STUDENT'S DICTIONARY & GAZETTEER,14TH EDITION / (Record no. 616574)
[ view plain ]
| 000 -LEADER | |
|---|---|
| fixed length control field | 00357nam a22001337a 4500 |
| 020 ## - INTERNATIONAL STANDARD BOOK NUMBER | |
| Qualifying information | PB. |
| 040 ## - CATALOGING SOURCE | |
| Transcribing agency | FIZZA ISHAQ |
| 082 ## - DEWEY DECIMAL CLASSIFICATION NUMBER | |
| Classification number | 423 |
| Author Mark | COL |
| 100 ## - MAIN ENTRY--PERSONAL NAME | |
| Personal name | MOORE,COLISTA. |
| 9 (RLIN) | 133615 |
| 245 ## - TITLE STATEMENT | |
| Title | A STUDENT'S DICTIONARY & GAZETTEER,14TH EDITION / |
| Statement of responsibility, etc. | COLISTA MOORE. |
| 260 ## - PUBLICATION, DISTRIBUTION, ETC. | |
| Place of publication, distribution, etc. | NEW YORK ; |
| Name of publisher, distributor, etc. | PROJECT INC. |
| Date of publication, distribution, etc. | 2007. |
| 300 ## - PHYSICAL DESCRIPTION | |
| Extent | 524 P. ; |
| Dimensions | 7.8X5IN |
| 942 ## - ADDED ENTRY ELEMENTS (KOHA) | |
| Source of classification or shelving scheme | |
| Koha item type | Book |
| Withdrawn status | Lost status | Source of classification or shelving scheme | Damaged status | Not for loan | Permanent Location | Current Location | Shelving location | Date acquired | Total Checkouts | Full call number | Barcode | Date last seen | Price effective from | Koha item type |
|---|---|---|---|---|---|---|---|---|---|---|---|---|---|---|
| NUST Baluchistan Campus (NBC) | NUST Baluchistan Campus (NBC) | Reference | 03/10/2026 | 423 COL | QD-205 | 03/10/2026 | 03/10/2026 | Book |
